| 000 | 00425nam a22001457a 4500 | ||
|---|---|---|---|
| 008 | 131206b xxu||||| |||| 00| 0 eng d | ||
| 050 | _aSPC GN359.B68 | ||
| 100 |
_aBourke, Myles _95284 |
||
| 245 | _aBadoli the ox | ||
| 260 |
_aLondon _bG. Allen & Unwin _c1944 |
||
| 300 |
_a222p. _c28cm |
||
| 650 |
_aTales - South Africa; Legends - South Africa _95285 |
||
| 700 |
_aBailly, Stella (illust) _95286 |
||
| 942 |
_2lcc _cMONOGRAPH |
||
| 999 |
_c119123 _d119123 |
||